| 000 | 00338nam a2200133Ia 4500 | ||
|---|---|---|---|
| 005 | 20260328101509.0 | ||
| 008 | 260328s9999||||xx |||||||||||||| ||und|| | ||
| 100 | _aLe Corbusier | ||
| 245 | 0 |
_aAcerca del purismo : _b Escritos 1918-1926 / _cLe Corbusier |
|
| 260 | _bEl Croquis | ||
| 300 | _a266 p. | ||
| 650 | _aCorbusier, Le | ||
| 942 | _cBK | ||
| 999 |
_c9142 _d9142 |
||